El viatge a Espanya d´lexandre de Laborde (Record no. 11046)

MARC details
000 -CABECERA
campo de control de longitud fija 01029nam a22002537a 4500
001 - NÚMERO DE CONTROL
campo de control BRCA_9424
003 - IDENTIFICADOR DEL NÚMERO DE CONTROL
campo de control FranzMayer
005 - FECHA Y HORA DE LA ÚLTIMA TRANSACCIÓN
campo de control 20230918130432.0
008 - DATOS DE LONGITUD FIJA--INFORMACIÓN GENERAL
campo de control de longitud fija 230906b |||||||| |||| 00| 0 eng d
020 ## - NÚMERO INTERNACIONAL ESTÁNDAR DEL LIBRO
Número Internacional Estándar del Libro 848043161X
040 ## - FUENTE DE LA CATALOGACIÓN
Centro catalogador/agencia de origen MFM
Lengua de catalogación ESPAÑOL
Centro/agencia transcriptor MFM
050 #0 - SIGNATURA TOPOGRÁFICA DE LA BIBLIOTECA DEL CONGRESO
Número de clasificación DP27.5
Número de documento/Ítem C37 2006
100 1# - ENTRADA PRINCIPAL--NOMBRE DE PERSONA
Código de función/relación Autor
Nombre de persona Casanova i Miró. Jordi
9 (RLIN) 29652
240 ## - TÍTULO UNIFORME
Título uniforme El viatge a Espanya d´lexandre de Laborde
Medio (1806-1820) Dibuixos preparatoris
Lenguaje de la obra Catalan
245 0# - MENCIÓN DE TÍTULO
Título El viatge a Espanya d´lexandre de Laborde
Resto del título (1806-1820) Dibuixos preparatoris
260 ## - PUBLICACIÓN, DISTRIBUCIÓN, ETC.
Lugar de publicación, distribución, etc. Barcelona, España
Nombre del editor, distribuidor, etc. Museu Nacional d'Art de Catalunya
Fecha de publicación, distribución, etc. 2006
300 ## - DESCRIPCIÓN FÍSICA
Extensión 310 p
Otras características físicas Ilustraciones a color
Dimensiones 30 cm
500 ## - NOTA GENERAL
Nota general Anexo 1
505 ## - NOTA DE CONTENIDO CON FORMATO
Nota de contenido con formato Texto en: catalanIncluye índice temáticoDirigido a: historiadores, personas con interés en la historia de España
650 1# - PUNTO DE ACCESO ADICIONAL DE MATERIA--TÉRMINO DE MATERIA
Fuente del encabezamiento o término España
Término de materia o nombre geográfico como elemento de entrada Historia de España
Subdivisión de forma Cataluña
9 (RLIN) 29653
651 2# - PUNTO DE ACCESO ADICIONAL DE MATERIA--NOMBRE GEOGRÁFICO
Fuente del encabezamiento o término España
Nombre geográfico Viajes
Subdivisión de forma Alexandre a Laborde
9 (RLIN) 29654
700 1# - PUNTO DE ACCESO ADICIONAL--NOMBRE DE PERSONA
Código de función/relación Autor
Nombre de persona Quílez i Corella, Francesc M.
9 (RLIN) 29655
942 ## - ELEMENTOS DE PUNTO DE ACCESO ADICIONAL (KOHA)
Fuente del sistema de clasificación o colocación Library of Congress Classification
Tipo de ítem Koha Libros
Holdings
Estado de retiro Estado de pérdida Fuente del sistema de clasificación o colocación Estado dañado No para préstamo Código de colección Localización permanente Ubicación/localización actual Fecha de adquisición Total de préstamos Signatura topográfica completa Código de barras Fecha visto por última vez Precio válido a partir de Tipo de ítem Koha
El ejemplar forma parte de la colección y puede ser consultado según las políticas vigentes.   Library of Congress Classification     Fondo Contemporáneo Biblioteca del Museo Franz Mayer (Rogerio Casas-Alatriste) Biblioteca del Museo Franz Mayer (Rogerio Casas-Alatriste) 06/09/2023   DP27.5 C37 2006 CONT10197 06/09/2023 06/09/2023 Libros